[Event "HCL-C184"]
[Site "www.playchess.de"]
[Date "2001.03.06"]
[Round "8"]
[White "flywheel"]
[Black "Stef"]
[WhiteElo "1243"]
[BlackElo "957"]
[PlyCount "59"]
[Result "1-0"]

1.e4 e5 2.Nf3 Nc6 3.Bb5 a6 4.Ba4 b5 5.Bb3 d6 6.d3 
Nh6 7.Ng5 Be7 8.h4 Bb7 9.Qf3 Qd7 10.Bxf7+ Kd8 
11.Bd5 Rc8 12.Nc3 g6 13.Be6 Qe8 14.Bxc8 Kxc8 
15.Nd5 Rf8 16.Qh3+ Qd7 17.Qxd7+ Kxd7 18.Nxh7 Rh8 
19.Ng5 Bxg5 20.Bxg5 Rf8 21.Bxh6 Rf5 22.exf5 Nb4 
23.Nxb4 Bxg2 24.Rg1 Bh3 25.fxg6 c5 26.Nxa6 b4 
27.g7 Be6 28.O-O-O Bg4 29.Rxg4 {Just quite Stef 
it's ok keep playing you'll kick it soon :)}  d5 
30.g8Q {%}  1-0

[Event "HCL-B164"]
[Site "www.playchess.de"]
[Date "2001.03.06"]
[Round "1"]
[White "pird"]
[Black "serpens"]
[WhiteElo "1487"]
[BlackElo "1500"]
[PlyCount "43"]
[Result "1-0"]

1.e4 e6 2.d4 d5 3.Nc3 Bb4 4.a3 Bxc3+ 5.bxc3 dxe4 
6.f3 exf3 7.Nxf3 Nf6 8.Bd3 O-O 9.O-O b6 10.Bg5 Bb7 
11.Ne5 Qd5 12.Qe2 Ne4 13.Qh5 Nxg5 14.Qxg5 f6 
15.Qg4 fxe5 16.Rxf8+ Kxf8 17.Rf1+ Kg8 18.Rf2 Nd7 
19.Qh5 g6 20.Bxg6 Nf6 21.Qg5 Rf8 
22.Be4+ 1-0

[Event "HCL-A079"]
[Site "www.playchess.de"]
[Date "2001.03.06"]
[Round "29"]
[White "klypp"]
[Black "THE-WARRIOR"]
[WhiteElo "2119"]
[BlackElo "1700"]
[PlyCount "81"]
[Result "1-0"]

1.e4 e6 2.d4 d5 3.Nd2 Nf6 4.Bd3 c5 5.exd5 exd5 
6.dxc5 Bxc5 7.Ngf3 O-O 8.O-O Nc6 9.Nb3 Bb6 10.Re1 
h6 11.c3 Bg4 12.h3 Bh5 13.Bc2 Qd6 14.Be3 Bxe3 
15.Rxe3 Rae8 16.Qd2 Rxe3 17.Qxe3 Re8 18.Qd3 Bg6 
19.Qd2 Bxc2 20.Qxc2 Nh5 21.Nbd4 Nxd4 22.Nxd4 Re4 
23.f3 Re5 24.Qd2 Qe7 25.Rd1 a6 26.Qf2 Nf4 27.Kh2 
Kh7 28.Rd2 Rg5 29.g3 Nh5 30.Ne2 Qd6 31.f4 Rg6 
32.Qf3 Qb6 33.Rxd5 Nf6 34.Rd2 a5 35.Nd4 a4 36.Nf5 
Ng8 37.Qd3 Kh8 38.Nd6 Qc7 39.Qd5 Nf6 40.Qxf7 Qxf7 
41.Nxf7+ 1-0

[Event "HCL-B180"]
[Site "www.playchess.de"]
[Date "2001.03.06"]
[Round "6"]
[White "janus"]
[Black "deadeasy"]
[WhiteElo "1738"]
[BlackElo "1500"]
[PlyCount "61"]
[Result "1-0"]

1.e4 Nc6 2.d4 d5 3.e5 Bf5 4.Nf3 f6 5.Bb5 Qd7 6.c3 
Bxb1 7.Rxb1 f5 8.O-O e6 9.Ba4 a6 10.Ne1 O-O-O 
11.b4 b5 12.Bc2 Nge7 13.a4 {I´ll back on friday !} 
 Na7 {enjoy the break}  14.Nd3 Qc6 15.Rb3 Ng6 
16.Bg5 Re8 17.Ra3 Kd7 18.Qd2 Rb8 19.Rfa1 {It´s a 
very strong fight between you and me, isn´t it !?} 
 a5 {it is. i want promotion so all games are like 
this and not easy wins. a draw would see us both 
up}  20.Bd1 {I´ve seen it, but I try to win this 
fight and I hope, that you are not angry about 
this !}  h6 {no not angry at all. I must just try 
to ensure you don`t win, although it will be a 
tough defence}  21.Be3 {That´s correct - and I´m 
curious for your defence plan}  Be7 22.Bh5 Nf8 {i 
am curious what my defence plan is. a bit like uk 
political policy, little bits all over the globe}  
23.Nc5+ {That´s funny - where do you come from ? I 
live near by Frankfurt. Greetings}  Bxc5 {i live 
in london. i used to live in germany, a town 
called huckelhoven}  24.dxc5 {Where is that town ? 
I have never heard about it *smile* !!}  g6 {near 
the dutch boarder. i followed m`gladbach fc}  
25.Be2 {Ok - thanks and good night !}  Ke7 26.axb5 
Nxb5 27.R3xa5 Qd7 28.Bxb5 Rxb5 29.R5a8 c6 30.Bxh6 
Rxh6 {time to call this a day. thanks for the 
game, i will resign next move}  31.Qg5+ {Thanks 
too and good luck for your other games !!} 
 1-0

[Event "HCL-B180"]
[Site "www.playchess.de"]
[Date "2001.03.06"]
[Round "15"]
[White "Jefersonmello"]
[Black "player27"]
[WhiteElo "1500"]
[BlackElo "1461"]
[PlyCount "84"]
[Result "0-1"]

1.e4 {Hello from Rio de Janeiro}  e6 {hello from 
Berlin / Germany- nice game *GL*}  2.d4 {Good 
Luck}  d5 { )}  3.e5 {-)}  c5 { - )}  4.c3 Nc6 { 
)}  5.Nf3 Qb6 6.Be2 cxd4 7.cxd4 Nh6 8.Nc3 Nf5 
9.Bb5 Bd7 10.Bxc6 Bxc6 11.O-O Be7 12.Qd2 Rc8 
13.Rd1 a6 14.Qc2 Rc7 15.b3 h6 16.Bb2 O-O 17.Qd2 
Rfc8 18.g4 Nh4 19.Nxh4 Bxh4 20.Rde1 Qb4 21.Re3 Bg5 
22.h4 Bxe3 23.Qxe3 Be8 24.Rc1 Qe7 25.g5 hxg5 
26.Qxg5 Qxg5+ 27.hxg5 Kh7 28.Kg2 Kg6 29.f4 Kf5 
30.Kf3 b5 31.a3 Bd7 32.Rc2 Rh8 33.Rg2 b4 34.g6 
Rh3+ {34...bc?? 35 Tg5#!}  35.Kf2 bxc3 { )}  
36.Bxc3 Rcxc3 37.gxf7 Ke4 38.f8Q {%}  Rc2+ 39.Kg1 
{;-)}  Rc1+ 40.Kf2 Bb5 41.Rxg7 Rh2+ 42.Kg3 
Rcc2 0-1

[Event "HCL-A082"]
[Site "www.playchess.de"]
[Date "2001.03.06"]
[Round "6"]
[White "WYSIWYG"]
[Black "Belka"]
[WhiteElo "1800"]
[BlackElo "1720"]
[PlyCount "28"]
[Result "0-1"]

1.e4 c6 2.d4 d5 3.Nc3 dxe4 4.Nxe4 Bf5 5.Ng3 Bg6 
6.Nf3 Nd7 7.Bd3 e6 8.Bxg6 hxg6 9.O-O Qc7 10.Re1 
Ngf6 11.Qd3 O-O-O 12.c4 c5 13.Be3 Bd6 14.Rad1 
Ng4 0-1

[Event "HCL-B184"]
[Site "www.playchess.de"]
[Date "2001.03.06"]
[Round "23"]
[White "Stefan"]
[Black "Gruhni"]
[WhiteElo "1383"]
[BlackElo "1320"]
[PlyCount "36"]
[Result "0-1"]

1.e4 e5 2.Nf3 Nc6 3.Bb5 a6 4.Ba4 d6 5.O-O Nf6 
6.Re1 Bg4 7.c3 Be7 8.d3 O-O 9.h3 Bh5 10.Nbd2 b5 
11.Bb3 Na5 12.Bc2 c5 13.Nf1 Nc6 14.Ng3 Bg6 15.Nf5 
Bxf5 16.exf5 g6 17.d4 Nd7 18.dxc5 
Nxc5 0-1

[Event "HCL-B184"]
[Site "www.playchess.de"]
[Date "2001.03.06"]
[Round "33"]
[White "Yogibear"]
[Black "iq160"]
[WhiteElo "1836"]
[BlackElo "1349"]
[PlyCount "38"]
[Result "1/2-1/2"]

1.Nf3 {hallo und viel Glück wünscht Jürgen}  d6 
2.b4 b6 3.Bb2 Ba6 4.e4 Bxf1 5.Rxf1 a5 6.b5 c6 
7.Nc3 cxb5 8.Nxb5 Nd7 9.d4 Ngf6 10.Qe2 e6 11.c4 
Be7 12.Nd2 O-O 13.f4 Ne8 14.Rb1 Nc7 15.Nxc7 Qxc7 
16.Ba3 g6 17.e5 Rfc8 18.Rc1 Bf8 19.Ne4 
dxe5 1/2-1/2

[Event "HCL-B184"]
[Site "www.playchess.de"]
[Date "2001.03.06"]
[Round "36"]
[White "Stefan"]
[Black "Yogibear"]
[WhiteElo "1383"]
[BlackElo "1836"]
[PlyCount "34"]
[Result "0-1"]

1.e4 c6 2.d4 d5 3.exd5 cxd5 4.c4 Nf6 5.Nc3 e6 
6.Nf3 Bb4 7.cxd5 Nxd5 8.Qc2 Nd7 9.Bd3 N7f6 10.O-O 
Be7 11.a3 Bd7 12.Ne5 Rc8 13.Bg5 h6 14.Bh4 O-O 
15.Rac1 g5 16.Bg3 Nxc3 17.bxc3 
Bxa3 0-1

[Event "HCL-A077"]
[Site "www.playchess.de"]
[Date "2001.03.06"]
[Round "17"]
[White "Belka"]
[Black "Avva"]
[WhiteElo "1720"]
[BlackElo "1800"]
[PlyCount "59"]
[Result "1-0"]

1.b4 e5 2.Bb2 d6 3.c4 Nd7 4.g3 Ngf6 5.d3 c6 6.Bg2 
Be7 7.Nf3 Qc7 8.Qc2 Nf8 9.O-O Ng6 10.Nbd2 O-O 
11.a4 d5 12.cxd5 Nxd5 13.b5 Bd7 14.bxc6 Nb4 15.Qc3 
Nxc6 16.Ba3 Rac8 17.Rac1 Qd8 18.Qb2 Rc7 19.Ne4 Bc8 
20.h4 Re8 21.Rc2 Nf8 22.Rfc1 Ne6 23.Bxe7 Rcxe7 
24.Qa3 f6 25.Nd6 Rf8 26.Nxc8 Qxc8 27.R2xc6 bxc6 
28.Qxe7 Rf7 29.Qd6 Nd8 30.Nd2 1-0

[Event "ACL-A098"]
[Site "www.playchess.de"]
[Date "2001.03.06"]
[Round "18"]
[White "Jefersonmello"]
[Black "ulibear"]
[WhiteElo "1500"]
[BlackElo "1500"]
[PlyCount "47"]
[Result "1/2-1/2"]

1.e4 c5 2.Nf3 d6 3.Bc4 Nc6 4.d3 h6 5.Be3 a6 6.O-O 
e6 7.Nc3 Na5 8.Nd2 Nf6 9.a3 Nxc4 {the bishop pair 
secured}  10.Nxc4 Be7 11.Nd2 O-O 12.f4 Nh7 13.Qg4 
f5 {14. f5 was a threat}  14.Qg3 Bh4 15.Qh3 fxe4 
{you're no talker??}  16.Ncxe4 {yes, i can talk if 
you want it.}  e5 {I'll harass your Queen a little 
bit}  17.f5 {;-)}  g6 {pinning makes fun ther}  
18.Bxh6 Bxf5 {in-fight begins}  19.g4 Bxe4 {oho}  
20.Nxe4 Rxf1+ 21.Rxf1 Qe7 22.Kh1 d5 {I'll try some 
more good moves}  23.Nxc5 g5 {you're entitled to 
smile now...}  24.Qf3 {u r still having chance to 
draw !}  1/2-1/2

[Event "ACL-E003"]
[Site "www.playchess.de"]
[Date "2001.03.06"]
[Round "9"]
[White "iq160"]
[Black "traga"]
[WhiteElo "1660"]
[BlackElo "1838"]
[PlyCount "39"]
[Result "1/2-1/2"]

1.c4 e5 2.g3 Nf6 3.Bg2 Nc6 4.Nc3 Bb4 5.Qc2 d6 
6.Nf3 O-O 7.a3 Bxc3 8.bxc3 Be6 9.d3 h6 10.e4 a6 
11.Rb1 b6 12.O-O Re8 13.h3 Qd7 14.Kh2 Nh5 15.g4 
Nf4 16.Bxf4 exf4 17.g5 Ne5 18.gxh6 Bxh3 19.Bxh3 
Nxf3+ 20.Kg2 1/2-1/2

[Event "HCL-C188"]
[Site "www.playchess.de"]
[Date "2001.03.06"]
[Round "20"]
[White "lsoule"]
[Black "ionutz"]
[WhiteElo "908"]
[BlackElo "1000"]
[PlyCount "46"]
[Result "0-1"]

1.e4 c5 {Hi!}  2.Nf3 Nc6 3.d4 cxd4 4.Nxd4 e5 5.Nb5 
d6 6.N1c3 a6 7.Na3 Nf6 8.Bg5 b5 9.Nd5 Be7 10.Bd3 
Nxd5 11.Bxe7 Ndxe7 12.Qd2 O-O 13.O-O-O Be6 14.Kb1 
d5 15.f3 d4 16.c3 Qa5 17.cxd4 b4 18.Nc4 Bxc4 
19.Bxc4 Nxd4 20.h4 Rac8 21.Qd3 Rfd8 22.Bxa6 Rca8 
23.Kc1 Rxa6 0-1

[Event "ACL-A100"]
[Site "www.playchess.de"]
[Date "2001.03.06"]
[Round "16"]
[White "deepcover"]
[Black "chrisg"]
[WhiteElo "1696"]
[BlackElo "1784"]
[PlyCount "53"]
[Result "1/2-1/2"]

1.d4 d5 2.c4 e6 3.Nc3 Nf6 4.Bg5 Nbd7 5.e3 c6 6.Nf3 
Qa5 7.Nd2 Bb4 8.Qc2 O-O 9.Bxf6 Nxf6 10.Be2 Qc7 
{last move for today! have a nice evening!}  
11.O-O {You too!}  e5 12.dxe5 Qxe5 13.Nf3 Bf5 
14.Nxe5 Bxc2 15.Rac1 Bxc3 16.bxc3 Be4 17.cxd5 Bxd5 
18.c4 Be6 19.Bf3 Rab8 {I wish you a wonderful 
weekend!}  20.Nd3 Rfd8 21.Nc5 Rd2 22.a3 Kf8 
23.Nxe6+ fxe6 {:-)}  24.Rcb1 Nd7 25.Rfd1 Rxd1+ 
26.Rxd1 Ke7 27.Be2 1/2-1/2

[Event "HCL-B192"]
[Site "www.playchess.de"]
[Date "2001.03.06"]
[Round "12"]
[White "toilet"]
[Black "Translightor"]
[WhiteElo "1881"]
[BlackElo "1417"]
[PlyCount "89"]
[Result "1-0"]

1.e4 c5 {Welcome & Good Luck!}  2.Nf3 {Thanks, 
good luck to you!}  e6 3.d4 cxd4 4.Nxd4 a6 5.Nc3 
b5 6.Bd3 Bb7 7.a3 d6 8.O-O Nf6 9.Be3 Qc7 10.f3 Be7 
11.Qe1 O-O 12.Qg3 Nh5 13.Qf2 Nf6 14.Rfd1 Nbd7 
15.Rd2 Rac8 16.Qg3 Nh5 17.Qh3 Nhf6 18.a4 b4 19.Na2 
a5 20.c3 bxc3 21.Nxc3 Ne5 22.Ndb5 Qd7 23.Rad1 Ne8 
24.Bf1 Nc4 25.Bxc4 Rxc4 26.b3 Rc8 27.e5 Rxc3 
28.Nxc3 Qc6 29.exd6 Nxd6 30.Ne2 Nf5 31.Nd4 Nxd4 
32.Bxd4 Bb4 33.Qg4 f6 34.Rb2 Kh8 35.Rbb1 Bc8 
36.Rbc1 Qb7 37.Qe4 Qf7 38.Bc5 Bxc5+ 39.Rxc5 Qa7 
40.Rdc1 Bb7 41.Qxe6 h6 42.Kh1 Rd8 43.Qe7 Qb6 
44.R5c7 Qxc7 45.Qxc7 1-0

[Event "ACL-A105"]
[Site "www.playchess.de"]
[Date "2001.03.06"]
[Round "2"]
[White "Chess_man_Mark"]
[Black "jefersonmello"]
[WhiteElo "1500"]
[BlackElo "1500"]
[PlyCount "32"]
[Result "1/2-1/2"]

1.e4 e5 2.Nf3 Nc6 3.Nc3 Bb4 4.Bb5 Nge7 5.d4 Bxc3+ 
6.bxc3 a6 7.Bxc6 Nxc6 8.d5 Na5 9.O-O O-O 10.Nxe5 
Re8 11.Qh5 Qe7 12.Re1 Qxe5 13.Qg4 Qxc3 14.Bf4 Rxe4 
15.Kf1 d6 16.Rxe4 Bxg4 1/2-1/2

[Event "HCL-C200"]
[Site "www.playchess.de"]
[Date "2001.03.06"]
[Round "7"]
[White "flywheel"]
[Black "lienk"]
[WhiteElo "1211"]
[BlackElo "1083"]
[PlyCount "37"]
[Result "1-0"]

1.e4 e5 2.Nf3 Nc6 3.Bb5 a6 4.Ba4 b5 5.Bb3 Bc5 6.d4 
Bxd4 7.Nc3 Nf6 8.Bg5 h6 9.Bh4 g5 10.Bg3 b4 11.Nd5 
a5 12.O-O Nxe4 13.Qe2 f5 14.Bxe5 Nxe5 15.Nxe5 
{what's up friend}  Bxe5 16.Qh5+ Kf8 {Hi, I'm from 
Jakarta, Indonesia, where are you from?}  17.Qg6 
{I'm from Fort Dodge Iowa, Glad to meet you.}  d6 
{Glad to meet you too. I am enjoying the game.}  
18.Nb6 Ra6 19.Qf7+ {Me also.}  1-0

[Event "HCL-B197"]
[Site "www.playchess.de"]
[Date "2001.03.06"]
[Round "10"]
[White "Capablancanot"]
[Black "toilet"]
[WhiteElo "1712"]
[BlackElo "1881"]
[PlyCount "84"]
[Result "0-1"]

1.d4 {Have fun Chris.}  Nf6 {good luck james!}  
2.c4 {John....James, whatever. Lol}  c5 {I'm 
sorry, what a moron...I am at work and I was 
trying to talk and type same time..sorry john}  
3.d5 {No problem...Benoni. A tacticians 
love-child, and a strategic players nightmare.}  
e6 {which would you consider yourself to be? 
Tactical, strategic, both?}  4.Nc3 {Strategic. I 
don't see deeply into positions well. Maybe I 
shouldn't give that away?}  exd5 {That's okay, I 
don't either :-)}  5.cxd5 {Take a look at the 
analysis for the games I've completed, and you'll 
see, my play gets a bit boring.}  d6 {you do fine 
as far as I can see; if we were only named 
fischer!}  6.Nf3 {Ahh...to dream. I don't think a 
name change would help my play any though. I'm 
more like Petrosian.}  g6 {You can play like him; 
just try not to have the uni-brow.ok lol}  7.g3 
{Lol. No chance. While I'm better looking, my 
games aren't.}  Bg7 8.Bg2 O-O 9.O-O Nbd7 10.e4 {I 
blew up in my game against John. Self destruct in 
5,4,3,2,1 moves. Lol}  Re8 {How come? Play an 
opening you weren't familiar with?}  11.Re1 
{Partially...But mostly just stupid. I had a blond 
moment at move 9. Lol...Game is essentially over.} 
 a6 {just have to beat everyone else :-)}  12.Bf4 
{It could happen...NOT! But my resolve is that you 
will know you were in a struggle.}  Nb6 {I hope so 
:-)}  13.b3 {Here's where I do the wrong thing I'm 
sure. Can't change my nature.}  h6 14.Rc1 {Keep 
chugging. That's what I do best. Not pretty...but 
adequate.}  g5 15.Bxd6 {I'm screwed. You've pushed 
me into a tactical exchange. I don't know if I can 
do this.}  g4 {this should be fun!}  16.e5 
{Yes...In the words of Scar...."Ooohhhh Gooooody" 
(Slathered with sarcasm.) Lol}  gxf3 {lol... here 
we go!}  17.Bxf3 {Cry Havoc!!! And set loose the 
bonds of war!!! Shakespear...not Star Trek...lol}  
Bh8 {could have sworn that was star trek, lol}  
18.Qd2 {Lol...lol...Uncultured swine! Nice try by 
the way. But you can keep the Knight for now.}  
Bg4 {i don't know but I'm thinking not having any 
pawns in front of the king is bad}  19.Bg2 {Later 
maybe. But I'm too chicken to challenge you there 
yet.}  Nfd7 {oh come on bobby f!}  20.h3 
{Lol...Bobby calculated and attacked 
correctly...it wasn't suicide. Lol}  Bf5 {I 
agree!!}  21.Qxh6 {I don't give up pieces for 
initiative often. In fact, this is my 1st time.}  
Nxe5 {john I feel special lol...you only live 
once, why not sac some wood!!! Exciting game at 
least}  22.Bxc5 {Seeing as you're my first...be 
gentle. Lol}  Nbd7 {likewise}  23.Bd4 {I'm 
screwed!!!...You were supposed to move the other 
Knight to d7. I now lose everything I gained.}  
Nf3+ {its a crazy position...the true definition 
of an "open" position}  24.Bxf3 {I suck at open 
positions. This one is just about over.}  Bxd4 
{they are difficult I agree.especially OTB!}  
25.Rxe8+ Qxe8 26.Qg5+ {Over the board...you can 
forget it. Here I play a little longer because I 
have more time to work it.}  Bg6 {as you should!}  
27.Ne2 {But I get more depressed, the more I work 
this one out.}  Bf6 {i feel the same way against 
sarber :-)}  28.Qd2 {I don't even know why I even 
try against Sarber. You both are way out of my 
league.}  Ne5 {thats not true.tour 15th move was 
great! otb might have proved bad for me.}  29.Bg2 
{OTB I wouldn't have made that move, I'd have run 
to d2 with the Bishop and you'd have over-run me.} 
 Nd3 {we should play otb some time}  30.Rc7 {Any 
time. But it would be a terrible embarrasement. I 
can't hold a 1600 rating otb. Too little time.}  
Rb8 {fair enough}  31.d6 {Unless you make a 
terrible error, I don't see this going my way at 
all.}  Qe5 {you are still up in point value}  
32.Bxb7 {What is point value?}  Qxd6 {pawn=1, 
bishop/knight=3,rook=5,queen=9}  33.Rc6 {I see...I 
did read that somewhere.}  Qe5 {where do you live 
john??}  34.Bxa6 {I live in Bakersfield, CA. So, 
I'm a bit behind you on the clock.}  Qa1+ {im glad 
you have electricity to play these games}  35.Nc1 
{Our city produces more refined fuel for power 
plants than anywhere else. They can't shut off 
ours.}  Nb4 {that's good to hear...ca is in the 
news all the time over here}  36.Rxf6 {I used to 
work in IT for a renewables electricity company. 
If you want the real story I can tell it.}  Qxf6 
{sure, send an email when you get time}  37.Bf1 
{Okay. Who knows when that will be...But I'll git 
it there soon enough.}  Rc8 {okay}  38.Bc4 Rd8 
39.Qxb4 {It's about time for me to resign. I can't 
hold off the range of your remaining pieces.}  
Rd1+ {if you do, know that I enjoyed this game 
very much!}  40.Bf1 {I will in a couple of moves. 
I see something.}  Rxc1 41.Qd2 Qa1 42.Qe2 
Qd4 0-1

[Event "HCL-B197"]
[Site "www.playchess.de"]
[Date "2001.03.06"]
[Round "20"]
[White "GMKingArs"]
[Black "toilet"]
[WhiteElo "1500"]
[BlackElo "1881"]
[PlyCount "42"]
[Result "0-1"]

1.e4 d6 2.d4 Nf6 3.Nc3 Nbd7 4.Nf3 e5 5.Bg5 h6 
6.Bxf6 Qxf6 7.Be2 c6 8.Qd2 Be7 9.O-O-O O-O 10.h4 
b5 11.g4 b4 12.Nb1 Qg6 13.g5 a5 14.gxh6 Qxh6 
15.Qxh6 gxh6 16.Rhg1+ Kh7 17.Nbd2 exd4 18.Nxd4 Nc5 
19.Nxc6 Bxh4 20.f4 Bd7 21.Nd4 Bf2 0-1

[Event "CCL-E013"]
[Site "www.playchess.de"]
[Date "2001.03.06"]
[Round "6"]
[White "Nightmare"]
[Black "joepechie"]
[WhiteElo "2000"]
[BlackElo "2001"]
[PlyCount "21"]
[Result "1/2-1/2"]

1.e4 {Hello!}  e5 {Hi. I am using Chessmaster8000. 
What program are you using?}  2.Nf3 {I'm using 
Rebel Century 3.0 by Ed Shroeder}  Nf6 {I have 
Rebel Century 1. I thought about 3.0 but think I 
will hold out for a windows release.}  3.d4 Nxe4 
4.Bd3 d5 5.Nxe5 Nd7 6.Nxf7 Kxf7 7.Qh5+ Ke7 8.Qe2 
Kf6 9.Qf3+ Ke6 10.Qe2 Kf7 11.Qh5+ 1/2-1/2

[Event "HCL-B206"]
[Site "www.playchess.de"]
[Date "2001.03.06"]
[Round "5"]
[White "Ptmonger"]
[Black "Translightor"]
[WhiteElo "1200"]
[BlackElo "1480"]
[PlyCount "40"]
[Result "0-1"]

1.e4 c5 {Welcome & Good Luck!}  2.Bc4 e6 3.Nf3 
{Thanks & You too!}  a6 4.O-O b5 5.Be2 Bb7 6.d3 d6 
7.b3 Be7 8.Nc3 Nd7 9.Bd2 Qc7 10.Bg5 Ngf6 11.a4 b4 
12.Na2 h6 13.d4 hxg5 {Oops?}  14.Nxg5 Nxe4 15.Nf3 
Ng5 16.Qb1 Nxf3+ 17.Bxf3 Bxf3 18.g3 {oops what? 
your sitting fine!I have lost 2 games already this 
tournament.}  O-O-O {And this one doesn't look so 
bright, too! Why didn't you take my bishop on f3?} 
 19.Qe1 {I thought it was a trap.}  Rxh2 {0-0-0 
surely was. Thank you for the game, and good luck 
in the next one!}  20.Kxh2 Rh8+ 0-1

[Event "ACL-E003"]
[Site "www.playchess.de"]
[Date "2001.03.06"]
[Round "18"]
[White "Bill"]
[Black "traga"]
[WhiteElo "1722"]
[BlackElo "1838"]
[PlyCount "40"]
[Result "1/2-1/2"]

1.e4 e5 2.Nf3 Nf6 3.Nxe5 d6 4.Nf3 Nxe4 5.d4 d5 
6.Bd3 Bd6 7.O-O O-O 8.c4 c6 9.Nc3 Nxc3 10.bxc3 
dxc4 11.Bxc4 Bf5 12.Re1 b5 13.Bd3 Bxd3 14.Qxd3 Nd7 
15.Bg5 f6 16.Qf5 Bxh2+ 17.Nxh2 fxg5 18.Qe6+ Kh8 
19.Qxc6 Rc8 20.Qxb5 Rxc3 1/2-1/2

[Event "ACL-E003"]
[Site "www.playchess.de"]
[Date "2001.03.06"]
[Round "20"]
[White "Bill"]
[Black "iq160"]
[WhiteElo "1722"]
[BlackElo "1660"]
[PlyCount "48"]
[Result "1/2-1/2"]

1.e4 e6 2.d4 b6 3.Nf3 Bb7 4.Bd3 c5 5.O-O cxd4 
6.Nxd4 Bc5 7.Nb3 Be7 8.Qg4 g6 9.Rd1 Nf6 10.Qe2 d5 
11.exd5 exd5 12.Bb5+ Kf8 {I fear I screwed it up 
with d5??}  13.Bh6+ {yes, but it's not so bad you 
can't recover.}  Kg8 {I think 12.Bh6+ was better.} 
 14.Nc3 {I think the king was on e8 at the time.}  
Nbd7 {Bb5 prevented the king from escaping to g8 I 
guess}  15.Nxd5 Bxd5 16.Bg5 h6 17.Bxf6 Nxf6 18.Bc4 
Bd6 19.Bxd5 Nxd5 20.Qd2 Bxh2+ 21.Kxh2 Qc7+ 22.Kg1 
Rd8 23.Nd4 Nf6 24.Qe2 Kg7 1/2-1/2

[Event "HCL-B202"]
[Site "www.playchess.de"]
[Date "2001.03.06"]
[Round "22"]
[White "Translightor"]
[Black "uneek"]
[WhiteElo "1472"]
[BlackElo "1191"]
[PlyCount "61"]
[Result "1-0"]

1.e4 {Good luck!}  c5 {Thanks and the same to 
you.}  2.Nf3 e6 3.d4 cxd4 4.Nxd4 a6 5.c4 Nc6 6.Nc3 
Qc7 7.Be2 Nf6 8.O-O Be7 9.Be3 O-O 10.f4 d6 11.a3 
e5 12.Nf5 Bxf5 13.exf5 Rfd8 14.Nd5 Nxd5 15.cxd5 
Nb8 16.Rc1 Qd7 17.Bd3 Bf6 18.b4 Rc8 19.Rc2 Qd8 
20.Qd2 b5 21.Rd1 Nd7 22.Rdc1 exf4 23.Bxf4 Ne5 
24.Be2 Nc4 25.Bxc4 bxc4 26.R2xc4 Qb6+ 27.Be3 Qb7 
28.R4c6 Rxc6 29.Rxc6 Qd7 30.Qc2 Rc8 31.Rxc8+ {eek 
!}  1-0

[Event "HCL-B202"]
[Site "www.playchess.de"]
[Date "2001.03.06"]
[Round "26"]
[White "LUPES"]
[Black "uneek"]
[WhiteElo "1783"]
[BlackElo "1191"]
[PlyCount "49"]
[Result "1-0"]

1.e4 c5 2.Nf3 e6 3.Nc3 a6 4.Be2 Nc6 5.d4 cxd4 
6.Nxd4 Qc7 7.O-O Nf6 8.Bg5 Be7 9.Qd2 O-O 10.Rad1 
d6 11.Nxc6 bxc6 12.Bxf6 Bxf6 13.Qxd6 Qxd6 14.Rxd6 
Bb7 15.Na4 Rad8 16.Rfd1 Be7 17.R6d7 Bf6 {That was 
pretty intellegent of me....}  18.Rxb7 Rxd1+ 
19.Bxd1 Rd8 20.Be2 h6 21.Bxa6 Rd4 22.Nc5 Rd1+ 
23.Bf1 Rb1 24.Nd3 g6 25.e5 1-0